| 000 | 00615nam a22001817a 4500 | ||
|---|---|---|---|
| 008 | 130821s fr gr fre | ||
| 040 |
_aCo-BoUCM _bspa |
||
| 041 | 0 | 0 | _afre |
| 100 |
_aBaudelaire, Charles,1821-1867 _978470 |
||
| 245 | 0 | 0 |
_aOeuvres complètes de Ch. Baudelaire _cCharles Baudelaire |
| 260 |
_aParís (Francia) _bLaibrairie Alphonse Lemerre _c[fecha desconocida] |
||
| 300 | _a442páginas | ||
| 500 | _aIncluye índices | ||
| 650 | 0 | 4 |
_aLiteratura francesa _97794 |
| 650 | 0 | 4 |
_aPoesía francesa _921811 |
| 942 |
_cLIBRO _a18 _e1 _mB18O _n0 _2DEWEY _h841.8 |
||
| 999 |
_c87033 _d87033 |
||